Technology : manufacturers' directory '85.
| Format: | Book |
|---|---|
| Published: |
Yokohama:
The Yokohama Industrial Institute,
1985.
|
| Subjects: |
| LEADER | 00439cam a2200145 7i4500 | ||
|---|---|---|---|
| 001 | 0000001501 | ||
| 005 | 19991025090000.0 | ||
| 002 | ##000002238 | ||
| 020 | 0 | 0 | |a T000002243 |
| 090 | 0 | 0 | |a 00.07. 45 392 |b TEC |
| 245 | 0 | 0 | |a Technology : |b manufacturers' directory '85. |
| 260 | 0 | 0 | |a Yokohama: |b The Yokohama Industrial Institute, |c 1985. |
| 300 | 0 | 0 | |a 39p. |
| 650 | 0 | 0 | |a Manufacturer -- |x Directories |
| 999 | |a 0000003643 |b Book |c Reference |e Business Information Centre | ||